| 000 | 00458nam a22001817a 4500 | ||
|---|---|---|---|
| 999 |
_c6340 _d6338 |
||
| 005 | 20210825145718.0 | ||
| 008 | 200520b xxu||||| |||| 00| 0 eng d | ||
| 020 | _a9788174733689 | ||
| 041 | _aeng | ||
| 082 | _a615 DAT | ||
| 100 |
_aDATTA,CHANDRANI _96640 |
||
| 245 | _aEssentials of Biomedical Instruments and Techniceues | ||
| 250 | _a1'st | ||
| 260 |
_aDelhi _bAITBS PUBLISHERS _c2019 |
||
| 300 | _a180,Viii | ||
| 650 |
_aPharmacy _96641 |
||
| 942 | _cBK | ||